| Поле | Инд. | ПП | Название | Значение |
|---|---|---|---|---|
| Тип записи | a | |||
| Библиографический уровень | b | |||
| 001 | Контрольный номер | RU/IS/BASE/294319438 | ||
| 005 | Дата корректировки | 20200522191324.9 | ||
| 008 | Кодируемые данные | 20090429 | ||
| 040 | b | Код языка каталог. | rus | |
| e | Правила каталог. | PSBO | ||
| 041 | 0_ | a | Код языка текста | rus |
| 084 | a | Индекс другой классификации/Индекс ББК | 85.313(2=411.2); 85.310,00; 83.3(2=411.2)6 | |
| 100 | 1_ | a | Автор | Умнова И. Г. |
| 245 | 10 | a | Заглавие | Литературное творчество композиторов |
| 504 | a | Библиография | Библиогр.: с. 110 | |
| 650 | 14 | a | Основная рубрика | искусство |
| a | Основная рубрика | история литературы | ||
| a | Основная рубрика | история музыки | ||
| a | Основная рубрика | литературоведение | ||
| a | Основная рубрика | музыка | ||
| a | Основная рубрика | филологические науки | ||
| 653 | 0_ | a | Ключевые слова | XX век |
| a | Ключевые слова | дневники | ||
| a | Ключевые слова | интервью | ||
| a | Ключевые слова | литературное творчество | ||
| a | Ключевые слова | литературные жанры | ||
| a | Ключевые слова | письма | ||
| a | Ключевые слова | публицистика | ||
| a | Ключевые слова | публицистическая деятельность | ||
| 773 | 08 | t | Заглавие источника | Вестник Московского университета. Серия 9, Филология |
| d | Дата издания источника | 2008 | ||
| g | Прочая информация | № 6. - С. 101 - 110 | ||
| w | Контрольный № источника | RU/IS/BASE/293109115 | ||
| 901 | t | Тип документа | b |